| 000 | | | 04054nmc2a2200000 x 450 |
| 001 | | | 4200175b-dd08-4ae6-92e7-3def02fc0a12 |
| 005 | | | 20151216161414.0 |
| 100 | ## | $a | 20150902l18451850k l0rusy0189 ca |
| 101 | 0# | $a | rus |
| 102 | ## | $a | RU |
| 200 | 1# | $a | Дело о планах и фасадах от архитектора Щедрина архитектором Мартыновым |
| | $j | 23 декабря 1845 г. - 17 июня 1850 г. |
| 251 | ## | $c | Дело |
| 300 | ## | $a | Ориг. заголовок дела: Дело о планах и фасадах стороениям Департамента народного просвящения, принятых архитектором оного Мартыновым и о составлении нового плана Щукина двора. 23 декабря 1845 г. - 17 июня 1850 г |
| 801 | #0 | $a | RU |
| | $b | РГИА |
| | $c | 20150902 |
| | $g | RCR |
| 801 | #1 | $a | RU |
| | $b | ГлавНИВЦ |
| | $c | 20150902 |
| | $2 | rusmarc |
| 801 | #2 | $a | RU |
| | $b | ПБ им. Б.Н. Ельцина |
| | $c | 20151216 |
| | $g | RCR |
| | $2 | rusmarc |
| 850 | ## | $a | РГИА |
| 852 | ## | $a | РГИА |
| | $e | Федеральное казенное учреждение "Российский государственный исторический архив" (РГИА) |
| | $j | 138 |
| 937 | ## | $h | РГИА |
| | $d | 12092603 |
| | $a | ASBIBLIO_SCAN |
| 462 | #0 | $1 | 0016e7ba0f3-98a0-45d9-8501-58dfee489242 |
| | $1 | 2001 |
| | $a | Дела Хозяйственного отделения Департамента народного просвещения за 1835-1849 гг. |
| | $1 | 251 |
| | $c | Опись |
| | $1 | 852 |
| | $j | 105 |
| 461 | #0 | $1 | 001a74412a3-3cc5-4d21-8f0a-dfe2fbd9e72d |
| | $1 | 2001 |
| | $a | Департамент народного просвещения Министерства народного просвещения |
| | $1 | 251 |
| | $c | Фонд |
| | $1 | 852 |
| | $j | 733 |
| 215 | ## | $a | 29 л. |
| | $d | 36,5х26 см |
| | $c | план. |
| 371 | ## | $a | Документ не является опубликованным и широко распространяемым |
| 105 | ## | $a | e### |
| 122 | 2# | $a | d |
| 517 | 1# | $a | Дело о планах и фасадах стороениям Департамента народного просвящения, принятых архитектором оного Мартыновым и о составлении нового плана Щукина двора. 23 декабря 1845 г. - 17 июня 1850 г |
| 035 | ## | $a | 4200175b-dd08-4ae6-92e7-3def02fc0a12 |